[Event "GRE-ch Univ Students online 1st"]
[Site "Tornelo INT"]
[Date "2022.05.29"]
[Round "7"]
[White "Gkikas, Ioannis"]
[Black "Lagaras, Stylianos"]
[Result "0-1"]
[WhiteElo "1546"]
[BlackElo "1861"]
[PlyCount "48"]
[EventDate "2022.05.28"]
[EventType "swiss (rapid)"]
[EventRounds "9"]
[EventCountry "GRE"]
[SourceTitle "EXT 2024"]
[Source "ChessBase"]
[SourceDate "2023.10.10"]
[SourceVersion "1"]
[SourceVersionDate "2023.10.10"]
[SourceQuality "1"]

1. e4 c5 2. Nf3 e6 3. d4 cxd4 4. Nxd4 Nf6 5. Nc3 Nc6 6. Ndb5 d6 7. Be3 a6 8. Nd4 Be7 9. Be2 Bd7 10. Qd2 Rc8 11. a3 Ne5 12. h3 0-0 13. 0-0 Nc4 14. Bxc4 Rxc4 15. Qd3 Qc7 16. Bd2 Rc8 17. Rfe1 Be8 18. Re3 Nd7 19. b3 Ne5 20. Qe2 Rxd4 21. Rg3 Bf6 22. f4 Ng6 23. Re1 Rxd2 24. Qxd2 Bxc3 0-1

[Event "GRE-chT 45th"]
[Site "Achaia"]
[Date "2017.07.07"]
[Round "6.11"]
[White "Gkikas, Ioannis"]
[Black "Papadopoulos, Spyridonas"]
[Result "1/2-1/2"]
[WhiteElo "1568"]
[BlackElo "1365"]
[PlyCount "73"]
[EventDate "2017.07.03"]
[EventType "team-swiss"]
[EventRounds "7"]
[EventCountry "GRE"]
[SourceTitle "CBM 179 Extra"]
[Source "ChessBase"]
[SourceDate "2017.08.23"]
[SourceVersion "1"]
[SourceVersionDate "2017.08.23"]
[SourceQuality "1"]
[WhiteTeam "Von Heraklion Attica"]
[BlackTeam "Florinas OP"]
[WhiteTeamCountry "GRE"]
[BlackTeamCountry "GRE"]

1. e4 e5 2. Nf3 Nc6 3. Nc3 Nf6 4. d4 exd4 5. Nxd4 d6 6. Bb5 Bd7 7. 0-0 Be7 8. h3 0-0 9. Nxc6 Bxc6 10. Bxc6 bxc6 11. Qf3 Re8 12. e5 dxe5 13. Qxc6 Qd6 14. Qf3 Qb6 15. b3 e4 16. Qe2 Rad8 17. Bb2 Bb4 18. Rad1 Bxc3 19. Bxc3 Nd5 20. Bd2 Nb4 21. Bxb4 Qxb4 22. Rfe1 Rxd1 23. Qxd1 g6 24. Re2 Qb5 25. c4 Qe5 26. a3 Re6 27. Rd2 Kg7 28. Rd7 e3 29. fxe3 Qxe3+ 30. Kh2 Qe5+ 31. Kg1 Qe3+ 32. Kh2 Qf4+ 33. Kg1 Qe3+ 34. Kh2 Qf4+ 35. Kg1 Qe3+ 36. Kh2 Qf4+ 37. Kg1 1/2-1/2

[Event "GRE-ch U14"]
[Site "Porto Rio"]
[Date "2016.07.03"]
[Round "8"]
[White "Gkikas, Ioannis"]
[Black "Triantafilidis, Mihail"]
[Result "1/2-1/2"]
[WhiteElo "1512"]
[BlackElo "1781"]
[PlyCount "90"]
[EventDate "2016.06.28"]
[EventType "swiss"]
[EventRounds "9"]
[EventCountry "GRE"]
[SourceTitle "CBM 173 Extra"]
[Source "ChessBase"]
[SourceDate "2016.08.29"]
[SourceVersion "1"]
[SourceVersionDate "2016.08.29"]
[SourceQuality "1"]

1. e4 d6 2. d4 Nf6 3. Nc3 c6 4. Nf3 Bg4 5. h3 Bh5 6. Be2 Nbd7 7. 0-0 e5 8. dxe5 dxe5 9. Bg5 Be7 10. Qd2 0-0 11. Rad1 Qc7 12. Nh4 Bg6 13. Nxg6 hxg6 14. Bg4 Rfd8 15. Bxd7 Rxd7 16. Qe2 Rad8 17. Rxd7 Rxd7 18. Rd1 b5 19. Bxf6 gxf6 20. Rd3 Rd4 21. Qd1 Qb6 22. Kf1 b4 23. Rxd4 exd4 24. Ne2 c5 25. Qd3 Qa5 26. Qc4 Bd6 27. Kg1 a6 28. Kf1 Qb5 29. Qxb5 axb5 30. g3 Kf8 31. b3 Ke7 32. Kg2 Ke6 33. f4 Bc7 34. Kf3 Bb6 35. Nc1 c4 36. Ke2 f5 37. exf5+ Kxf5 38. Kf3 Ke6 39. g4 Kd5 40. h4 Bd8 41. h5 gxh5 42. gxh5 f5 43. Ne2 d3 44. cxd3 cxd3 45. Ng3 Kd4 1/2-1/2

[Event "GRE-ch U14"]
[Site "Porto Rio"]
[Date "2016.06.30"]
[Round "4"]
[White "Gkikas, Ioannis"]
[Black "Brokalakis Gounaris, Christos"]
[Result "0-1"]
[WhiteElo "1512"]
[BlackElo "1670"]
[PlyCount "118"]
[EventDate "2016.06.28"]
[EventType "swiss"]
[EventRounds "9"]
[EventCountry "GRE"]
[SourceTitle "CBM 173 Extra"]
[Source "ChessBase"]
[SourceDate "2016.08.29"]
[SourceVersion "1"]
[SourceVersionDate "2016.08.29"]
[SourceQuality "1"]

1. e4 e5 2. Nf3 Nc6 3. Nc3 Nf6 4. d4 exd4 5. Nxd4 Bb4 6. Nxc6 bxc6 7. Bd3 0-0 8. 0-0 d5 9. exd5 cxd5 10. Bg5 c6 11. Qf3 h6 12. Bh4 Be6 13. a3 Bd6 14. h3 Rb8 15. Rab1 Be5 16. Bg3 Qd6 17. Bxe5 Qxe5 18. Rfe1 Qg5 19. Ne2 c5 20. b3 c4 21. bxc4 dxc4 22. Be4 Nxe4 23. Qxe4 Bxh3 24. Nf4 Bf5 25. Qxc4 Rbc8 26. Qb4 Bxc2 27. Rb2 a5 28. Qd2 Rfd8 29. Qe3 Ba4 30. Rbb1 Bc6 31. g3 Qg4 32. Qe2 Qxe2 33. Rxe2 g5 34. Ng2 Rd3 35. Re3 Rcd8 36. Rbe1 Rd2 37. R3e2 R2d3 38. Re3 a4 39. Rxd3 Rxd3 40. Re3 Rd1+ 41. Kh2 Bd5 42. g4 Bb3 43. Re1 Rd2 44. Kg3 Ra2 45. Ne3 Rxa3 46. Nf5 Be6+ 47. Kg2 Bxf5 48. gxf5 Kg7 49. Rc1 Rb3 50. Ra1 a3 51. Kf1 Kf6 52. Ke1 Kxf5 53. Kd1 Rb2 54. Rxa3 Rxf2 55. Ke1 Rb2 56. Ra4 Kg6 57. Kf1 h5 58. Ra6+ f6 59. Ra5 h4 0-1